000 00423nam a2200169Ia 4500
008 221030s9999 xx 000 0 und d
020 _a8174461884
041 _aEnglish
082 _a105.23
_bAro
100 _aA. Arora
245 0 _aInformation Systems for Managers
_cby A. Arora, A. Bhatia
260 _bExcel Books
_aNew Delhi
_c1999
300 _a517
650 _aBE Computer
700 _aA. Bhatia
942 _cBK
999 _c8524
_d8524